| 000 | 00378nam a2200157Ia 4500 | ||
|---|---|---|---|
| 008 | 230312s9999||||xx |||||||||||||| ||und|| | ||
| 020 | _a1-890379-08-5 | ||
| 082 |
_a721.6 _bSTO-D |
||
| 100 | _aStoehr;Kathleen | ||
| 245 | 0 | _aDream Floors | |
| 260 |
_bRandall International _aUSA _c2005 |
||
| 300 | _a256 | ||
| 546 | _aEng. | ||
| 650 |
_aArchitecture _vDream Floors |
||
| 942 | _cBK | ||
| 999 |
_c8254 _d8254 |
||